000 00908nam a22002897a 4500
001 BR7375835
003 BR-BrBNA
005 20230928084443.0
007 ta
008 230509b bl.||||| |||| 00| 0 por d
040 _aBR-BrBNA
_bpor
_cBiblioteca Nacional de Agricultura
041 _a(Por)
072 _aE15; F00
_b0150
_b/G514
090 _ 0150 BR7375835
100 1 _aValderrama, V.F.P.
110 1 _aUniversidade Federal de Vicosa, MG (Brasil)
_0Tese (Mestrado)
245 1 _aUso dos recursos envolvidos na producao agricola entre proprietarios e parceiros, regioes produtoras de arroz; Rio Grande do Sul [Oryza sativa; Brasil]
260 3 _aVicosa, MG (Brasil):
_c1971.
300 _a80 p.
650 _aMicroeconomia
650 _aProducao vegetal
650 _aArroz
650 _aArrendamento
650 _aRio Grande do Sul
909 _a202309
_bLucia
_c55
_dLucia Elande
942 _cBK
999 _c19061
_d19061